Fallout Faction by Flag - Statistics

General Stats
  • This quiz has been taken 36 times
  • The average score is 7 of 9
Answer Stats
Picture Answer % Correct
New California Republic
91%
Caesar's Legion
88%
Enclave
88%
Brotherhood of Steel (Appalachia)
84%
Commonwealth Minutemen
84%
Brotherhood of Steel
78%
Church of Children of the Atom
56%
Followers of the Apocalypse
53%
Free States
28%
No matching quizzes found
Score Distribution
Percent of People with Each Score
Percentile by Number Answered
Your Score History
You have not taken this quiz